Statistics for Countries with Monarchs

Click here to take the quiz!

General Stats

  • This quiz has been taken 94 times
  • The average score is 25 of 42

Answer Stats

Answer% Correct
United Kingdom
95%
Sweden
93%
Norway
87%
Spain
87%
Denmark
84%
Saudi Arabia
84%
Netherlands
82%
Belgium
78%
Luxembourg
76%
Japan
72%
Thailand
72%
Brunei
70%
Australia
69%
Qatar
69%
Monaco
67%
Kuwait
66%
Morocco
66%
Liechtenstein
65%
Oman
65%
Bahrain
64%
Canada
64%
New Zealand
61%
Bhutan
60%
Jordan
57%
Swaziland
57%
St. Lucia
49%
Malaysia
48%
St. Kitts and Nevis
48%
Barbados
47%
St. Vincent and the Grenadines
47%
Cambodia
46%
Lesotho
46%
Jamaica
45%
Antigua and Barbuda
42%
Grenada
42%
the Bahamas
42%
Tonga
42%
Tuvalu
41%
Belize
36%
Samoa
34%
Solomon Islands
31%
Papua New Guinea
29%

Score Distribution

Percentile by Number Answered

Percent of People with Each Score

Your Score History

You have not taken this quiz